| 000 | 01080nam a22002177a 4500 | ||
|---|---|---|---|
| 999 |
_c59367 _d59367 |
||
| 003 | Ge_BSU | ||
| 005 | 20230131123141.0 | ||
| 008 | 230131s2000 ge ||||| |||| 00| 0 geo d | ||
| 020 | _a 9992822163 | ||
| 041 | _ageo | ||
| 080 | _a347.65/68(479.22)(075.8) ჩ-59 | ||
| 100 |
_aჩიკვაშვილი, შალვა _916624 |
||
| 245 |
_aმემკვიდრეობის სამართალი : _b[სახელმძღვ. უმაღლ. სასწ. იურიდ. სპეც. სტუდენტებისათვის / _c შალვა ჩიკვაშვილი ; რედ. ლელა ნადიბაიძე. |
||
| 264 |
_aთბილისი : _bმერიდიანი, _c2000. |
||
| 300 |
_a280 გვ. ; _b20 სმ. |
||
| 501 | _aდანართი: გვ. 247-278. | ||
| 520 | _aრეზ. რუს. | ||
| 653 | _aმემკვიდრეობითი სამართალი. | ||
| 700 |
_aნადიბაიძე, ლელა _eრედაქტორი _916625 |
||
| 942 |
_2udc _cBK |
||